[Event "Titled Tuesday intern op 01st Nov Early"]
[Site "Chess.com INT"]
[Date "2022.11.01"]
[Round "10"]
[White "Turutin, Alexander"]
[Black "Csonka, Balazs"]
[Result "1-0"]
[WhiteElo "2394"]
[BlackElo "2497"]
[PlyCount "53"]
[EventDate "2022.11.01"]
[EventType "swiss (blitz)"]
[EventRounds "11"]
[EventCountry "USA"]
[SourceTitle "EXT 2024"]
[Source "ChessBase"]
[SourceDate "2023.10.10"]
[SourceVersion "1"]
[SourceVersionDate "2023.10.10"]
[SourceQuality "1"]

1. e4 c5 2. Nc3 Nc6 3. Nge2 Nf6 4. g3 d5 5. exd5 Nxd5 6. Bg2 Nxc3 7. bxc3 g6 8. d4 Bg7 9. d5 Ne5 10. 0-0 0-0 11. Re1 b6 12. h3 Bb7 13. a4 Nc4 14. Qd3 Na5 15. Bg5 Qd7 16. h4 Rad8 17. Rad1 Rfe8 18. h5 Qxa4 19. hxg6 hxg6 20. Nf4 Qd7 21. Nxg6 fxg6 22. Qxg6 Bc8 23. Re6 Rf8 24. Be4 Rf7 25. Qh7+ Kf8 26. Bh6 Qxe6 27. Qh8# 1-0

[Event "Titled Tuesday intern op 18th Oct Late"]
[Site "Chess.com INT"]
[Date "2022.10.18"]
[Round "11"]
[White "Melikhov, Evgeny V"]
[Black "Turutin, Alexander"]
[Result "1-0"]
[WhiteElo "2269"]
[BlackElo "2394"]
[PlyCount "79"]
[EventDate "2022.10.18"]
[EventType "swiss (blitz)"]
[EventRounds "11"]
[EventCountry "USA"]
[SourceTitle "EXT 2024"]
[Source "ChessBase"]
[SourceDate "2023.10.10"]
[SourceVersion "1"]
[SourceVersionDate "2023.10.10"]
[SourceQuality "1"]

1. d4 Nf6 2. c4 g6 3. Nc3 Bg7 4. e4 0-0 5. Be3 d6 6. f3 c5 7. Nge2 Nc6 8. d5 Ne5 9. Ng3 e6 10. Be2 exd5 11. cxd5 b5 12. 0-0 b4 13. Nb1 c4 14. Nd2 c3 15. bxc3 bxc3 16. Nb3 Bd7 17. Rc1 Rc8 18. Bd4 h5 19. Rxc3 Rxc3 20. Bxc3 h4 21. Nh1 Nh5 22. Bd4 Nf4 23. Nf2 Qg5 24. Ng4 f5 25. exf5 gxf5 26. Ne3 Nxg2 27. Nxg2 h3 28. Rf2 hxg2 29. Rxg2 Qh6 30. Qe1 Rf7 31. Qg3 f4 32. Qg5 Qh7 33. h4 Bh3 34. Rh2 Qb1+ 35. Kf2 Qxa2 36. Rxh3 Qxb3 37. h5 Kh8 38. h6 Bf6 39. Qh5 Nd3+ 40. Kg2 1-0

[Event "Titled Tuesday intern op 18th Oct Early"]
[Site "Chess.com INT"]
[Date "2022.10.18"]
[Round "8"]
[White "Okeke, Isaac Chukwudalu"]
[Black "Turutin, Alexander"]
[Result "1-0"]
[WhiteElo "2194"]
[BlackElo "2394"]
[PlyCount "91"]
[EventDate "2022.10.18"]
[EventType "swiss (blitz)"]
[EventRounds "11"]
[EventCountry "USA"]
[SourceTitle "EXT 2024"]
[Source "ChessBase"]
[SourceDate "2023.10.10"]
[SourceVersion "1"]
[SourceVersionDate "2023.10.10"]
[SourceQuality "1"]

1. e4 c6 2. d4 d5 3. e5 c5 4. dxc5 e6 5. a3 Bxc5 6. b4 Be7 7. Bb2 Nh6 8. Nf3 0-0 9. Bd3 f5 10. 0-0 a5 11. b5 Nd7 12. c4 Nc5 13. cxd5 Qxd5 14. Be2 Qxd1 15. Rxd1 a4 16. Nbd2 Bd7 17. Nd4 Nf7 18. N2f3 g5 19. h3 g4 20. hxg4 fxg4 21. Nh2 h5 22. Nc2 Rad8 23. Ne3 Nb3 24. Rab1 Bc8 25. Nhf1 Ng5 26. Ng3 h4 27. Nh5 h3 28. Nxg4 hxg2 29. Kxg2 b6 30. Ngf6+ Kf7 31. f4 Bb7+ 32. Kg3 Ne4+ 33. Kh3 Nxf6 34. exf6 Bc5 35. Rxd8 Rxd8 36. Rg1 Bf8 37. Ng7 Rd2 38. Bh5+ Kg8 39. Nxe6+ Kh7 40. Nxf8+ Kh6 41. f7 Kxh5 42. Be5 Bc8+ 43. Kg3 Rd3+ 44. Kf2 Rd2+ 45. Ke3 Bf5 46. Rg5+ 1-0

[Event "Titled Tuesday intern op 18th Oct Early"]
[Site "Chess.com INT"]
[Date "2022.10.18"]
[Round "4"]
[White "Ovezdurdiyeva, Jemal"]
[Black "Turutin, Alexander"]
[Result "1/2-1/2"]
[WhiteElo "2061"]
[BlackElo "2394"]
[PlyCount "83"]
[EventDate "2022.10.18"]
[EventType "swiss (blitz)"]
[EventRounds "11"]
[EventCountry "USA"]
[SourceTitle "EXT 2024"]
[Source "ChessBase"]
[SourceDate "2023.10.10"]
[SourceVersion "1"]
[SourceVersionDate "2023.10.10"]
[SourceQuality "1"]

1. e4 c6 2. d4 d5 3. Nd2 dxe4 4. Nxe4 Bf5 5. Ng3 Bg6 6. h4 h6 7. Nf3 Nd7 8. Bd3 Bxd3 9. Qxd3 e6 10. c4 Ngf6 11. Bd2 Bd6 12. 0-0-0 b5 13. c5 Bxg3 14. fxg3 Nxc5 15. Qc2 Ncd7 16. Ne5 Rc8 17. Bb4 Nd5 18. Bd6 Nxe5 19. dxe5 c5 20. Kb1 c4 21. Rhf1 Qd7 22. g4 Rc6 23. Rf3 Rxd6 24. exd6 0-0 25. g5 h5 26. Rd2 Qxd6 27. Rdf2 b4 28. Qxc4 Qe5 29. Re2 Qh2 30. Rf1 a5 31. Ref2 a4 32. Qc5 Qxh4 33. Qa7 Qe4+ 34. Ka1 a3 35. Rxf7 axb2+ 36. Kxb2 Qe2+ 37. Kb3 Qd3+ 38. Kb2 Qc3+ 39. Kb1 Qd3+ 40. Kb2 Qc3+ 41. Kb1 Qd3+ 42. Kb2 1/2-1/2

[Event "Titled Tuesday intern op 18th Oct Late"]
[Site "Chess.com INT"]
[Date "2022.10.18"]
[Round "7"]
[White "Torres Bosch, Jose Francisco"]
[Black "Turutin, Alexander"]
[Result "0-1"]
[WhiteElo "2173"]
[BlackElo "2394"]
[PlyCount "64"]
[EventDate "2022.10.18"]
[EventType "swiss (blitz)"]
[EventRounds "11"]
[EventCountry "USA"]
[SourceTitle "EXT 2024"]
[Source "ChessBase"]
[SourceDate "2023.10.10"]
[SourceVersion "1"]
[SourceVersionDate "2023.10.10"]
[SourceQuality "1"]

1. e4 c6 2. d4 d5 3. Nd2 dxe4 4. Nxe4 Bf5 5. Ng3 Bg6 6. h4 h6 7. Nf3 Nd7 8. h5 Bh7 9. Bd3 Bxd3 10. Qxd3 e6 11. Bd2 Ngf6 12. 0-0-0 Be7 13. Kb1 Qb6 14. c4 Rd8 15. Bf4 0-0 16. Qc2 Rfe8 17. Nf1 c5 18. d5 exd5 19. Ne3 d4 20. Nf5 Bf8 21. g4 Qc6 22. Nd2 d3 23. Qxd3 Ne5 24. Qc3 Ne4 25. Qc2 Nxf2 26. Rhf1 Nxd1 27. Rxd1 Nf3 28. a3 Nxd2+ 29. Rxd2 Rxd2 30. Qxd2 Qe4+ 31. Ka2 Qxc4+ 32. Kb1 Re2 0-1

[Event "Titled Tuesday intern op 18th Oct Early"]
[Site "Chess.com INT"]
[Date "2022.10.18"]
[Round "7"]
[White "Turutin, Alexander"]
[Black "Gonzalez, Francisco Silva"]
[Result "1-0"]
[WhiteElo "2394"]
[BlackElo "2037"]
[PlyCount "89"]
[EventDate "2022.10.18"]
[EventType "swiss (blitz)"]
[EventRounds "11"]
[EventCountry "USA"]
[SourceTitle "EXT 2024"]
[Source "ChessBase"]
[SourceDate "2023.10.10"]
[SourceVersion "1"]
[SourceVersionDate "2023.10.10"]
[SourceQuality "1"]

1. e4 e5 2. Nf3 Nc6 3. Bb5 a6 4. Ba4 Nf6 5. 0-0 b5 6. Bb3 Bc5 7. c3 d6 8. a4 Bg4 9. d3 Bb6 10. h3 Bd7 11. Na3 0-0 12. Bg5 Na5 13. Bc2 h6 14. Bh4 bxa4 15. Bxa4 Bxa4 16. Qxa4 Kh7 17. b4 Nb7 18. Nc4 Ra7 19. Ra2 g5 20. Bg3 Qd7 21. Qxd7 Nxd7 22. Rfa1 Rfa8 23. Ne3 f6 24. Nd5 Kg7 25. Nd2 c6 26. Nxb6 Nxb6 27. f3 a5 28. Bf2 c5 29. Nb3 a4 30. bxc5 axb3 31. Rxa7 Rxa7 32. Rxa7 b2 33. Rxb7+ Kg6 34. Rxb6 dxc5 35. Rxb2 c4 36. dxc4 g4 37. Rb7 f5 38. exf5+ Kh5 39. hxg4+ Kg5 40. Be3+ Kf6 41. Rb6+ Kg7 42. Bxh6+ Kf7 43. Bg5 e4 44. Re6 e3 45. Bxe3 1-0

[Event "Titled Tuesday intern op 11th Oct Early"]
[Site "Chess.com INT"]
[Date "2022.10.11"]
[Round "8"]
[White "Turutin, Alexander"]
[Black "Sowul, Bartosz"]
[Result "0-1"]
[WhiteElo "2394"]
[BlackElo "2269"]
[PlyCount "82"]
[EventDate "2022.10.11"]
[EventType "swiss (blitz)"]
[EventRounds "11"]
[EventCountry "USA"]
[SourceTitle "EXT 2024"]
[Source "ChessBase"]
[SourceDate "2023.10.10"]
[SourceVersion "1"]
[SourceVersionDate "2023.10.10"]
[SourceQuality "1"]

1. e4 c5 2. Nf3 d6 3. Bb5+ Nd7 4. 0-0 a6 5. Bxd7+ Bxd7 6. d4 cxd4 7. Qxd4 Nf6 8. Rd1 Bc6 9. Nc3 g6 10. Bg5 Bg7 11. Qe3 0-0 12. h3 Qa5 13. Nd4 Rfe8 14. Nxc6 bxc6 15. Bh6 Bh8 16. Rab1 Nd7 17. b4 Qb6 18. Na4 Qxe3 19. Bxe3 Reb8 20. c4 f5 21. c5 Ne5 22. exf5 gxf5 23. cxd6 exd6 24. Nb6 Ra7 25. Rxd6 Rab7 26. Rbd1 Rxb6 27. Rd8+ Kg7 28. Bxb6 Rxb6 29. f4 Nf7 30. Rc8 Kg6 31. Rd7 Bf6 32. Rcc7 Nd8 33. a3 Ne6 34. Ra7 Nxf4 35. Kf1 Nd5 36. Rdb7 Rxb7 37. Rxb7 Ne3+ 38. Kf2 Nc2 39. a4 Na3 40. Rb6 Bd4+ 41. Kf3 Bxb6 0-1

[Event "Titled Tuesday intern op 20th Sep Late"]
[Site "Chess.com INT"]
[Date "2022.09.20"]
[Round "7"]
[White "Barash, Anton"]
[Black "Turutin, Alexander"]
[Result "0-1"]
[WhiteElo "2138"]
[BlackElo "2394"]
[PlyCount "116"]
[EventDate "2022.09.20"]
[EventType "swiss (blitz)"]
[EventRounds "11"]
[EventCountry "USA"]
[SourceTitle "EXT 2023"]
[Source "ChessBase"]
[SourceDate "2022.10.05"]
[SourceVersion "1"]
[SourceVersionDate "2022.10.05"]
[SourceQuality "1"]

1. e4 c6 2. d4 d5 3. Nc3 dxe4 4. f3 e5 5. dxe5 Qxd1+ 6. Nxd1 exf3 7. Nxf3 Bf5 8. Ne3 Bg6 9. Bc4 Nd7 10. Ke2 b5 11. Bb3 Nc5 12. Bd2 Nxb3 13. axb3 Bc5 14. c3 Ne7 15. Ra6 Bb6 16. Rha1 0-0 17. c4 Rfd8 18. Ne1 Rac8 19. Ba5 Rb8 20. c5 Bxc5 21. Bxd8 Rxd8 22. h3 h5 23. Rc1 Bb6 24. Rd1 Re8 25. Nf3 Nf5 26. Nxf5 Bxf5 27. Kf1 Be6 28. b4 Bc4+ 29. Ke1 f6 30. Kd2 fxe5 31. Kc2 e4 32. Nd4 Bd3+ 33. Kc3 Bc4 34. Nxc6 e3 35. Nd4 Rd8 36. Rxb6 axb6 37. Re1 Re8 38. Nf5 e2 39. Nd4 Re3+ 40. Kd2 Rg3 41. Nxe2 Rxg2 42. Ke3 Rxe2+ 43. Rxe2 Bxe2 44. Kxe2 Kf7 45. Ke3 Kf6 46. Kf4 g5+ 47. Ke4 Kg6 48. Ke5 g4 49. hxg4 hxg4 50. Kf4 Kh5 51. Kg3 Kg5 52. Kf2 Kf4 53. Kg2 Ke4 54. Kg3 Kd4 55. Kxg4 Kc4 56. Kf4 Kxb4 57. Ke4 Kb3 58. Kd5 b4 0-1

[Event "Titled Tuesday intern op 20th Sep Late"]
[Site "Chess.com INT"]
[Date "2022.09.20"]
[Round "9"]
[White "Jorajuria Mendoza, Algol"]
[Black "Turutin, Alexander"]
[Result "1-0"]
[WhiteElo "2104"]
[BlackElo "2394"]
[PlyCount "49"]
[EventDate "2022.09.20"]
[EventType "swiss (blitz)"]
[EventRounds "11"]
[EventCountry "USA"]
[SourceTitle "EXT 2023"]
[Source "ChessBase"]
[SourceDate "2022.10.05"]
[SourceVersion "1"]
[SourceVersionDate "2022.10.05"]
[SourceQuality "1"]

1. e4 c6 2. Nf3 d5 3. d3 g6 4. e5 Bg7 5. d4 Nh6 6. Be2 f6 7. exf6 exf6 8. 0-0 0-0 9. c4 Be6 10. Qb3 Qb6 11. Nc3 dxc4 12. Bxc4 Qxb3 13. axb3 Bf7 14. d5 b5 15. Be2 b4 16. Na2 c5 17. Rd1 Nd7 18. Be3 Nf5 19. Nc1 Nxe3 20. fxe3 f5 21. Nd3 Rfd8 22. Ra5 Bxd5 23. Nxb4 Bxf3 24. Bxf3 Rab8 25. Nc6 1-0

[Event "Titled Tuesday intern op 20th Sep Early"]
[Site "Chess.com INT"]
[Date "2022.09.20"]
[Round "8"]
[White "Krzywda, Andrzej"]
[Black "Turutin, Alexander"]
[Result "0-1"]
[WhiteElo "2246"]
[BlackElo "2394"]
[PlyCount "128"]
[EventDate "2022.09.20"]
[EventType "swiss (blitz)"]
[EventRounds "11"]
[EventCountry "USA"]
[SourceTitle "EXT 2023"]
[Source "ChessBase"]
[SourceDate "2022.10.05"]
[SourceVersion "1"]
[SourceVersionDate "2022.10.05"]
[SourceQuality "1"]

1. d4 Nf6 2. c4 g6 3. Nc3 Bg7 4. e4 d6 5. Nf3 0-0 6. Be2 e5 7. 0-0 Nc6 8. d5 Ne7 9. b4 a5 10. bxa5 Rxa5 11. a4 c5 12. dxc6 bxc6 13. Nd2 c5 14. Nb3 Ra6 15. Bg5 Nc6 16. Nd5 Re8 17. Bd3 Be6 18. f3 h6 19. Nxf6+ Bxf6 20. Bxh6 g5 21. h4 gxh4 22. Qd2 Kh8 23. Kh2 Rg8 24. Rh1 Rb6 25. Rab1 h3 26. g4 Rxb3 27. Rxb3 Nd4 28. Bc2 Nxb3 29. Bxb3 Bxg4 30. Bd1 Be6 31. Rg1 Rxg1 32. Kxg1 Bxc4 33. Kh2 Be6 34. a5 Bc8 35. Bb3 Qg8 36. Qe2 Qg6 37. Be3 Bd8 38. a6 Bxa6 39. Qf2 Bc8 40. Bc4 Kg7 41. Bf1 Bg5 42. Bxh3 Bxh3 43. Kxh3 Qh6+ 44. Kg4 Bxe3 45. Qg2 Qg5+ 46. Kh3 Qxg2+ 47. Kxg2 Bf4 48. Kf1 c4 49. Ke2 f5 50. Kd1 fxe4 51. fxe4 Kf6 52. Kc2 Ke6 53. Kc3 d5 54. exd5+ Kxd5 55. Kc2 Kd4 56. Kd1 Kd3 57. Ke1 Be3 58. Kd1 c3 59. Ke1 c2 60. Kf1 c1Q+ 61. Kg2 Qg1+ 62. Kh3 Ke4 63. Kh4 Qg2 64. Kh5 Qg5# 0-1

[Event "Titled Tuesday intern op 20th Sep Early"]
[Site "Chess.com INT"]
[Date "2022.09.20"]
[Round "10"]
[White "Turutin, Alexander"]
[Black "Avazkhonov, Alikhon"]
[Result "0-1"]
[WhiteElo "2394"]
[BlackElo "1538"]
[PlyCount "56"]
[EventDate "2022.09.20"]
[EventType "swiss (blitz)"]
[EventRounds "11"]
[EventCountry "USA"]
[SourceTitle "EXT 2023"]
[Source "ChessBase"]
[SourceDate "2022.10.05"]
[SourceVersion "1"]
[SourceVersionDate "2022.10.05"]
[SourceQuality "1"]

1. e4 c5 2. Nf3 d6 3. d4 cxd4 4. Nxd4 Nf6 5. Nc3 a6 6. h3 e5 7. Nde2 h5 8. g3 b5 9. Bg2 Nbd7 10. Be3 Bb7 11. 0-0 Be7 12. Qd2 0-0 13. a4 b4 14. Nd5 Nxd5 15. exd5 a5 16. c3 Nc5 17. Bxc5 dxc5 18. Rad1 Bd6 19. g4 hxg4 20. hxg4 Qh4 21. Ng3 Qxg4 22. Ne4 Rad8 23. Qe3 f5 24. Nxd6 Rxd6 25. f3 Qg3 26. Qxc5 Rh6 27. Qc7 Ba6 28. Rfe1 Rh2 0-1

[Event "Titled Tuesday intern op 20th Sep Early"]
[Site "Chess.com INT"]
[Date "2022.09.20"]
[Round "11"]
[White "Vagman, Roy"]
[Black "Turutin, Alexander"]
[Result "1-0"]
[WhiteElo "2282"]
[BlackElo "2394"]
[PlyCount "61"]
[EventDate "2022.09.20"]
[EventType "swiss (blitz)"]
[EventRounds "11"]
[EventCountry "USA"]
[SourceTitle "EXT 2023"]
[Source "ChessBase"]
[SourceDate "2022.10.05"]
[SourceVersion "1"]
[SourceVersionDate "2022.10.05"]
[SourceQuality "1"]

1. e4 c6 2. Nc3 d5 3. Nf3 Bg4 4. h3 Bxf3 5. Qxf3 e6 6. d4 Nf6 7. Bg5 dxe4 8. Nxe4 Be7 9. Nxf6+ Bxf6 10. Bxf6 Qxf6 11. Qb3 b6 12. 0-0-0 Qxf2 13. Bd3 0-0 14. Rdf1 Qxd4 15. g4 Nd7 16. Rf3 Nc5 17. Qa3 Nxd3+ 18. Rxd3 Qf4+ 19. Kb1 a5 20. Rf3 Qb4 21. Qe3 Rad8 22. a3 Qd4 23. Qe2 Rd5 24. Rhf1 a4 25. Rxf7 Rxf7 26. Qxe6 Qd1+ 27. Rxd1 Rxd1+ 28. Ka2 b5 29. Qe8+ Rf8 30. Qxc6 Rff1 31. Qe8+ 1-0

[Event "Titled Tuesday intern op 20th Sep Early"]
[Site "Chess.com INT"]
[Date "2022.09.20"]
[Round "2"]
[White "Zilleruelo Irizarry, Diego"]
[Black "Turutin, Alexander"]
[Result "1-0"]
[WhiteElo "2063"]
[BlackElo "2394"]
[PlyCount "85"]
[EventDate "2022.09.20"]
[EventType "swiss (blitz)"]
[EventRounds "11"]
[EventCountry "USA"]
[SourceTitle "EXT 2023"]
[Source "ChessBase"]
[SourceDate "2022.10.05"]
[SourceVersion "1"]
[SourceVersionDate "2022.10.05"]
[SourceQuality "1"]

1. e4 c6 2. d4 d5 3. exd5 cxd5 4. Bd3 Nc6 5. c3 Nf6 6. h3 g6 7. Nf3 Bf5 8. 0-0 Bg7 9. Bf4 0-0 10. Re1 Bxd3 11. Qxd3 Ne4 12. Nbd2 f5 13. Ne5 Nxe5 14. Bxe5 Bxe5 15. dxe5 e6 16. Nf3 Qb6 17. Re2 Rac8 18. Rd1 Kh8 19. Nd4 f4 20. a4 a6 21. Ra1 Rce8 22. a5 Qc7 23. Rxe4 dxe4 24. Qxe4 Qf7 25. f3 Rd8 26. Ra4 Rd5 27. Rb4 Rfd8 28. Rb6 Re8 29. b4 Rd7 30. Ne2 g5 31. Nd4 Rc7 32. Kh2 Rxc3 33. Rxb7 Rc7 34. Rb6 Qh5 35. Rxe6 Rf8 36. Rf6 Re8 37. Re6 Rf8 38. Rf6 Re8 39. Nf5 Rf7 40. Rxf7 Qxf7 41. Nd6 Qh5 42. Nxe8 Qh4 43. Kg1 1-0

[Event "Titled Tuesday intern op 13th Sep Early"]
[Site "Chess.com INT"]
[Date "2022.09.13"]
[Round "9"]
[White "Molina, Roberto Junio Brito"]
[Black "Turutin, Alexander"]
[Result "1-0"]
[WhiteElo "2390"]
[BlackElo "2394"]
[PlyCount "61"]
[EventDate "2022.09.13"]
[EventType "swiss (blitz)"]
[EventRounds "11"]
[EventCountry "USA"]
[SourceTitle "EXT 2023"]
[Source "ChessBase"]
[SourceDate "2022.10.05"]
[SourceVersion "1"]
[SourceVersionDate "2022.10.05"]
[SourceQuality "1"]

1. d4 Nf6 2. e3 d6 3. Nf3 g6 4. b3 Bg7 5. Bb2 0-0 6. Nbd2 b6 7. c4 Bb7 8. d5 e6 9. dxe6 fxe6 10. Be2 Nbd7 11. 0-0 e5 12. Qc2 a5 13. Ng5 Qe7 14. Bf3 Bxf3 15. Ngxf3 Nc5 16. Rad1 Nfd7 17. Ne4 Nxe4 18. Qxe4 Nc5 19. Qd5+ Kh8 20. Nd2 Rae8 21. Ne4 Nxe4 22. Qxe4 Rf5 23. Rd2 Ref8 24. f3 h6 25. g4 R5f7 26. Kg2 Qg5 27. Bc1 h5 28. h3 Bh6 29. Rdf2 Qf6 30. f4 exf4 31. Bb2 1-0

[Event "Titled Tuesday intern op 13th Sep Early"]
[Site "Chess.com INT"]
[Date "2022.09.13"]
[Round "5"]
[White "Turutin, Alexander"]
[Black "Jaskolka, Tomasz"]
[Result "1-0"]
[WhiteElo "2394"]
[BlackElo "2213"]
[PlyCount "131"]
[EventDate "2022.09.13"]
[EventType "swiss (blitz)"]
[EventRounds "11"]
[EventCountry "USA"]
[SourceTitle "EXT 2023"]
[Source "ChessBase"]
[SourceDate "2022.10.05"]
[SourceVersion "1"]
[SourceVersionDate "2022.10.05"]
[SourceQuality "1"]

1. e4 e6 2. Nc3 d5 3. Nf3 Nf6 4. e5 Nfd7 5. d4 c5 6. dxc5 Nc6 7. Bf4 Bxc5 8. Bd3 f6 9. exf6 Nxf6 10. Qe2 0-0 11. Bg3 Qa5 12. 0-0 Bd7 13. a3 Qd8 14. Rad1 Qe8 15. Rfe1 Rd8 16. b4 Bb6 17. Nb5 Qh5 18. c4 a6 19. Nd6 dxc4 20. Bxc4 Kh8 21. Nxb7 Rde8 22. Nd6 Re7 23. Ne4 Nxe4 24. Qxe4 Nd8 25. Bd6 Bc6 26. Qe5 Bxf3 27. Qxh5 Bxh5 28. Bxe7 Bxf2+ 29. Kh1 Bxd1 30. Rxd1 Re8 31. Rxd8 Rxd8 32. Bxd8 Kg8 33. Bxe6+ Kf8 34. Bd7 h5 35. g3 g5 36. Bxg5 Bd4 37. a4 Bc3 38. b5 axb5 39. axb5 Bd4 40. Kg2 Bb6 41. Kf3 Kf7 42. h3 Kg6 43. h4 Kf7 44. Ke4 Kg6 45. Be3 Bc7 46. b6 Bxg3 47. b7 Bb8 48. Bf4 Ba7 49. Kd5 Kh7 50. Kc6 Kg7 51. Kb5 Kh7 52. Ka6 Bd4 53. b8Q Kg6 54. Qe8+ Kf6 55. Bg5+ Kg7 56. Qe7+ Kg6 57. Be8+ Kf5 58. Qd7+ Ke4 59. Bg6+ Ke5 60. Bf6+ Kxf6 61. Qxd4+ Ke6 62. Bd3 Ke7 63. Bc4 Kf8 64. Qa7 Ke8 65. Be6 Kd8 66. Qd7# 1-0

[Event "Titled Tuesday intern op 13th Sep Early"]
[Site "Chess.com INT"]
[Date "2022.09.13"]
[Round "8"]
[White "Turutin, Alexander"]
[Black "Malyi, Viacheslav"]
[Result "1-0"]
[WhiteElo "2394"]
[BlackElo "2391"]
[PlyCount "83"]
[EventDate "2022.09.13"]
[EventType "swiss (blitz)"]
[EventRounds "11"]
[EventCountry "USA"]
[SourceTitle "EXT 2023"]
[Source "ChessBase"]
[SourceDate "2022.10.05"]
[SourceVersion "1"]
[SourceVersionDate "2022.10.05"]
[SourceQuality "1"]

1. e4 e5 2. Nf3 Nc6 3. Bb5 a6 4. Ba4 Nf6 5. 0-0 b5 6. Bb3 Bc5 7. c3 d6 8. a4 Rb8 9. d4 Bb6 10. h3 0-0 11. Re1 Re8 12. Bg5 h6 13. Bh4 g5 14. Nxg5 hxg5 15. Bxg5 exd4 16. Qf3 Kg7 17. Qg3 Ne5 18. Nd2 dxc3 19. bxc3 Ng6 20. Qf3 Qe7 21. e5 Nxe5 22. Qg3 Bb7 23. Ne4 Bxe4 24. Rxe4 Rh8 25. Rf4 Ng6 26. Bxf6+ Qxf6 27. Rxf6 Kxf6 28. axb5 axb5 29. Qf3+ Kg7 30. Qxf7+ Kh6 31. Ra2 Rbf8 32. Qd5 Nf4 33. Qe4 Rf6 34. Kh2 Rhf8 35. g3 Ng6 36. f4 Nxf4 37. gxf4 Rxf4 38. Qe6+ R8f6 39. Qd5 Rg6 40. Rg2 Rgf6 41. Bd1 Rf2 42. Qh5# 1-0

[Event "Titled Tuesday intern op 06th Sep Early"]
[Site "Chess.com INT"]
[Date "2022.09.06"]
[Round "2"]
[White "Donchenko, Alexander"]
[Black "Turutin, Alexander"]
[Result "1-0"]
[WhiteElo "2639"]
[BlackElo "2394"]
[PlyCount "91"]
[EventDate "2022.09.06"]
[EventType "swiss (blitz)"]
[EventRounds "11"]
[EventCountry "USA"]
[SourceTitle "EXT 2023"]
[Source "ChessBase"]
[SourceDate "2022.10.05"]
[SourceVersion "1"]
[SourceVersionDate "2022.10.05"]
[SourceQuality "1"]

1. Nf3 Nf6 2. g3 g6 3. Bg2 Bg7 4. 0-0 0-0 5. d4 d6 6. b3 a5 7. a4 Na6 8. Bb2 Rb8 9. Nbd2 Re8 10. e4 c6 11. Re1 Nb4 12. h3 Qc7 13. Qb1 Na6 14. c3 e5 15. dxe5 dxe5 16. Nc4 Nd7 17. Ba3 Bf8 18. Bxf8 Nxf8 19. Qc1 Kg7 20. Qe3 f6 21. h4 Be6 22. Nfd2 Rec8 23. Rec1 b6 24. Kh2 Rd8 25. Bh3 Bf7 26. Rd1 Ne6 27. Qe2 Nac5 28. b4 axb4 29. Bxe6 Nxe6 30. cxb4 Nd4 31. Qf1 b5 32. Ne3 bxa4 33. Rxa4 Ra8 34. Rda1 Rxa4 35. Rxa4 f5 36. exf5 gxf5 37. Qa1 Kg8 38. Ra7 Qb6 39. Ndc4 Qxb4 40. Nxe5 Qd2 41. Nxf7 Qxf2+ 42. Kh3 Qxe3 43. Nxd8 f4 44. Qa2+ Kh8 45. Nf7+ Kg7 46. Ng5+ 1-0

[Event "Titled Tuesday intern op 06th Sep Early"]
[Site "Chess.com INT"]
[Date "2022.09.06"]
[Round "7"]
[White "Turutin, Alexander"]
[Black "Gracia Alvarez, Gerardo Antonio"]
[Result "1-0"]
[WhiteElo "2394"]
[BlackElo "2222"]
[PlyCount "79"]
[EventDate "2022.09.06"]
[EventType "swiss (blitz)"]
[EventRounds "11"]
[EventCountry "USA"]
[SourceTitle "EXT 2023"]
[Source "ChessBase"]
[SourceDate "2022.10.05"]
[SourceVersion "1"]
[SourceVersionDate "2022.10.05"]
[SourceQuality "1"]

1. e4 c5 2. Nf3 a6 3. c3 d5 4. exd5 Qxd5 5. d4 e6 6. Be3 Nd7 7. c4 Qd6 8. Nc3 Ngf6 9. dxc5 Qxd1+ 10. Rxd1 Bxc5 11. Bxc5 Nxc5 12. b4 Nce4 13. Nxe4 Nxe4 14. Bd3 Nf6 15. Ke2 Ke7 16. a3 Rd8 17. c5 Bd7 18. Ne5 Be8 19. Nc4 Bc6 20. f3 Nd5 21. Kf2 Bb5 22. Nd6 Nc3 23. Rd2 Bxd3 24. Rxd3 Nb5 25. Rhd1 Nxd6 26. Rxd6 Rxd6 27. Rxd6 Rd8 28. Rxd8 Kxd8 29. Ke3 Kc7 30. Kd4 Kc6 31. a4 f6 32. Kc4 b5+ 33. cxb6 Kxb6 34. b5 axb5+ 35. axb5 h5 36. g3 g6 37. f4 Ka5 38. Kc5 e5 39. fxe5 fxe5 40. b6 1-0

[Event "Titled Tuesday intern op 06th Sep Early"]
[Site "Chess.com INT"]
[Date "2022.09.06"]
[Round "4"]
[White "Turutin, Alexander"]
[Black "Strybuk, Artsiom I"]
[Result "0-1"]
[WhiteElo "2394"]
[BlackElo "2285"]
[PlyCount "104"]
[EventDate "2022.09.06"]
[EventType "swiss (blitz)"]
[EventRounds "11"]
[EventCountry "USA"]
[SourceTitle "EXT 2023"]
[Source "ChessBase"]
[SourceDate "2022.10.05"]
[SourceVersion "1"]
[SourceVersionDate "2022.10.05"]
[SourceQuality "1"]

1. e4 c5 2. Nf3 Nc6 3. Bb5 e6 4. 0-0 Nge7 5. Re1 a6 6. Bf1 b6 7. d4 cxd4 8. Nxd4 Nxd4 9. Qxd4 Nc6 10. Qe3 Bc5 11. Qg3 0-0 12. c3 Bb7 13. Be3 Bxe3 14. Qxe3 b5 15. Nd2 d5 16. Nb3 dxe4 17. Nc5 Qe7 18. Nxb7 Qxb7 19. Qxe4 Qb6 20. Red1 Rfd8 21. g3 Rab8 22. Bg2 Ne7 23. Qe2 g6 24. h4 h5 25. Rxd8+ Rxd8 26. Rd1 Rd6 27. a3 Nf5 28. Rxd6 Nxd6 29. Qf3 Nc4 30. Qb7 Qd6 31. Qc8+ Kg7 32. Qc6 Qxc6 33. Bxc6 Nxb2 34. Bb7 a5 35. Ba6 Na4 36. Bxb5 Nxc3 37. Bc4 Nb1 38. a4 Nc3 39. Bb3 Kf6 40. Kf1 Ke5 41. Ke1 Kd4 42. Kd2 Ne4+ 43. Ke2 Nc5 44. Bc2 Kc3 45. Bd1 Kb4 46. Ke3 Nxa4 47. Kf4 Nc3 48. Bc2 f6 49. f3 Ka3 50. Bxg6 Kb2 51. Bf7 Nd5+ 52. Ke4 Nc7 0-1

[Event "Titled Tuesday intern op 31st May Early"]
[Site "Chess.com INT"]
[Date "2022.05.31"]
[Round "4"]
[White "Mangialardo, Tiago Carvalho"]
[Black "Turutin, Alexander"]
[Result "0-1"]
[WhiteElo "1965"]
[BlackElo "2394"]
[PlyCount "60"]
[EventDate "2022.05.31"]
[EventType "swiss (blitz)"]
[EventRounds "11"]
[EventCountry "USA"]
[SourceTitle "CBM 208 Extra"]
[Source "ChessBase"]
[SourceDate "2022.07.31"]
[SourceVersion "1"]
[SourceVersionDate "2022.07.31"]
[SourceQuality "1"]

1. e4 c6 2. d4 d5 3. exd5 cxd5 4. Bd3 Nc6 5. Nf3 Bg4 6. c3 e6 7. 0-0 Bd6 8. h3 Bh5 9. Re1 Nge7 10. Be3 Qc7 11. Nbd2 Bg6 12. Qe2 0-0 13. Rac1 Rad8 14. Bxg6 Nxg6 15. Nb3 Rfe8 16. Qd3 b6 17. Re2 Qd7 18. Rce1 Bb8 19. Bg5 f6 20. Bd2 Qd6 21. g3 e5 22. dxe5 fxe5 23. Qe3 e4 24. Nfd4 Nce5 25. Kg2 Rf8 26. Rf1 Nf3 27. Bc1 Nge5 28. Kh1 Nc4 29. Nb5 Qd7 30. Nc5 Qxh3# 0-1